000 00660nam a2200205Ia 4500
005 20260121110121.0
008 008 260114s9999 xx 000 0 hin d
020 _a9788132365006
037 _aEBOOK
040 _aCRL
_bhin
_cCRL
041 _ahin
_2hin
084 _qCRL
100 _aअनिल वर्मा / Anil Verma
_9942257
245 0 _aविश्‍व के प्रख्‍यात राजा / Vishv ke Prakhyat Raja
260 _bभाषा प्रकाशन / Bhasha Prakashan
_c2021
856 _uhttps://bhashaprakashan.com/product-details/379151
942 _cEBOOK
999 _c1533922
_d1533922